UM Logo

Bed and breakfast startup (Record no. 170)

MARC details
000 -LEADER
fixed length control field 00474nam a22001577a 4500
008 - FIXED-LENGTH DATA ELEMENTS--GENERAL INFORMATION
fixed length control field 151106b xxu||||| |||| 00| 0 eng d
020 ## - INTERNATIONAL STANDARD BOOK NUMBER
International Standard Book Number 978-93-5115-567-6
082 ## - DEWEY DECIMAL CLASSIFICATION NUMBER
Classification number DC 647.940681
Item number B39
245 ## - TITLE STATEMENT
Title Bed and breakfast startup
260 ## - PUBLICATION, DISTRIBUTION, ETC. (IMPRINT)
Place of publication, distribution, etc. UAE:
Name of publisher, distributor, etc. 3G Elearning FZ LLC;
Date of publication, distribution, etc. c2015.
300 ## - PHYSICAL DESCRIPTION
Extent 84 pages;
Dimensions 23 cm.
650 #0 - SUBJECT ADDED ENTRY--TOPICAL TERM
9 (RLIN) 255
Topical term or geographic name as entry element Bed and breakfast accomodations
General subdivision Management
650 #0 - SUBJECT ADDED ENTRY--TOPICAL TERM
9 (RLIN) 256
Topical term or geographic name as entry element New business eterprise
General subdivision Management
365 ## - TRADE PRICE
Price amount 995.00
Currency code PHP.
942 ## - ADDED ENTRY ELEMENTS (KOHA)
Source of classification or shelving scheme Dewey Decimal Classification
Koha item type Circulation
Holdings
Withdrawn status Lost status Source of classification or shelving scheme Damaged status Not for loan Collection code Home library Current library Date acquired Source of acquisition Total Checkouts Full call number Barcode Date last seen Copy number Price effective from Koha item type
    Dewey Decimal Classification     Circulation UM Digos College - LIC UM Digos College - LIC 08/28/2015 Purchased   DC 647.940681 B39 c2015 23560 05/15/2025 1 11/06/2015 Circulation